Loading...
Kudumbasanti oru manasastra sadana/
| Main Author: | |
|---|---|
| Format: | Printed Book |
| Published: |
Kozhikode:
Poorna,
1998.
|
| Subjects: |
| LEADER | 00523nam a22001451a 4500 | ||
|---|---|---|---|
| 020 | |a 9788171803910 | ||
| 082 | |a M 158.24 |b NIT/K | ||
| 100 | |a Nityachaitanya Yati |9 146562 | ||
| 245 | |a Kudumbasanti oru manasastra sadana/ |c by Nityachaitanya Yati | ||
| 260 | |a Kozhikode: |b Poorna, |c 1998. | ||
| 300 | |a 103p. | ||
| 650 | |a Psychology |9 146563 | ||
| 942 | |c BK | ||
| 999 | |c 24743 |d 24743 | ||
| 952 | |0 0 |1 0 |4 0 |6 M_158_240000000000000_YAT_K |7 0 |9 35510 |a SSUS |b SSUS |d 2015-01-08 |g 37.00 |l 3 |o M 158.24 YAT/K |p 029579 |r 2019-03-15 |s 2019-02-25 |v 0.00 |w 2015-01-08 |y BK | ||